Ṣuwar wa-ẓilāl min ḥayāt Shawqī wa-Ḥāfiz. (Record no. 50222)

MARC details
000 -LEADER
fixed length control field 00632cam a22002291 4500
001 - CONTROL NUMBER
control field ne 68001060
003 - CONTROL NUMBER IDENTIFIER
control field DLC
005 - DATE AND TIME OF LATEST TRANSACTION
control field 20260227111839.0
008 - FIXED-LENGTH DATA ELEMENTS--GENERAL INFORMATION
fixed length control field 881028s1967 xx c 000 0bara
010 ## - LIBRARY OF CONGRESS CONTROL NUMBER
LC control number ne 68001060
035 ## - SYSTEM CONTROL NUMBER
System control number (OCoLC)23505927
040 ## - CATALOGING SOURCE
Original cataloging agency DLC
Transcribing agency MiU
Modifying agency DLC
042 ## - AUTHENTICATION CODE
Authentication code premarc
050 00 - LIBRARY OF CONGRESS CALL NUMBER
Classification number PJ7862.H3
Item number Z83
100 1# - MAIN ENTRY--PERSONAL NAME
Personal name Ṭanāḥī, Ṭāhir.
245 10 - TITLE STATEMENT
Title Ṣuwar wa-ẓilāl min ḥayāt Shawqī wa-Ḥāfiz.
260 ## - PUBLICATION, DISTRIBUTION, ETC.
Date of publication, distribution, etc. [1967]
300 ## - PHYSICAL DESCRIPTION
Extent 161 p.
Other physical details ports.
Dimensions 17 cm.
500 ## - GENERAL NOTE
General note Romanized.
600 10 - SUBJECT ADDED ENTRY--PERSONAL NAME
Personal name Shawqī, Aḥmad,
Dates associated with a name 1868-1932.
600 10 - SUBJECT ADDED ENTRY--PERSONAL NAME
Personal name Ḥāfiẓ Ibrāhīm, Muḥammad,
Dates associated with a name 1872?-1932.

No items available.

Powered by Koha